[Event "US Masters"]
[Site "Hendersonville USA"]
[Date "2006.03.17"]
[Round "5"]
[White "Margvelashvili,G"]
[Black "Cheng,X"]
[Result "1-0"]
[WhiteElo "2434"]
[BlackElo "2239"]

1.Nf3 d5 2.c4 e6 3.g3 Nf6 4.b3 d4 5.Bg2 c5 6.O-O Nc6 7.e3 Bd6 8.exd4 cxd4
9.d3 h6 10.Ba3 O-O 11.Bxd6 Qxd6 12.a3 a5 13.Nbd2 e5 14.Qc2 Be6 15.Rfe1 Nd7
16.Ne4 Qc7 17.c5 Ne7 18.b4 axb4 19.axb4 Nd5 20.Rab1 Rac8 21.Qd2 Ra8 22.Rbc1 Ra4
23.b5 Nb4 24.b6 Qc6 25.Nh4 Qb5 26.Bf1 Qa5 27.Nd6 Nxc5 28.Rxe5 Nbxd3 29.Qxd3 Nxd3
30.Rxa5 Rxa5 31.Bxd3 Ra3 32.Rd1 Rb3 33.Nxb7 Rxb6 34.Nc5 Bg4 35.f3 Bh3 36.g4 Rb2
37.Be4 g5 38.Nd3 Ra2 39.Nf5 Rg2+ 40.Kh1 Rb8 41.Nxh6+ Kg7 42.Nf5+ Kf6 43.Rc1 Rb6
44.Nxd4 Rd2 45.Nf5 Re6 46.Ng3 Kg7 47.Nf5+ Kf6 48.Nc5 Rb6 49.Bd3 Bg2+ 50.Kg1 Bxf3
51.Nd7+ Ke6 52.Nxb6 Rxd3 53.Re1+ Kf6 54.Ne3 Ke5 55.Nbc4+ Kd4 56.Kf2 Bc6 57.Nd6 Ba8
58.Ndf5+ Ke4 59.Ng2+ Kd5 60.Ng3 Rd2+ 61.Ne2  1-0

[Event "2nd Bundesliga West 2005-6"]
[Site "Austria AUT"]
[Date "2006.03.18"]
[Round "10"]
[White "Juergens,Kl"]
[Black "Bromberger,S"]
[Result "1/2-1/2"]
[WhiteElo "2183"]
[BlackElo "2481"]

1.Nf3 d5 2.c4 d4 3.b4 g6 4.g3 Bg7 5.d3 Nh6 6.Bg2 O-O 7.O-O c6 8.Nbd2 Nf5
9.Nb3 e5 10.a4 Nd7 11.Ba3 Qc7 12.Nfd2 Re8 13.Qc2 h5 14.Rae1 Bh6 15.c5 Nf6
16.Nc4 Be6 17.Bc1 Bxc1 18.Qxc1 Rad8 19.Nbd2 Kg7 20.Ne4 Nxe4  1/2-1/2

[Event "2nd Bundesliga West 2005-6"]
[Site "Austria AUT"]
[Date "2006.03.19"]
[Round "11"]
[White "Grundherr,M"]
[Black "Heinzel,O"]
[Result "1/2-1/2"]
[WhiteElo "2299"]
[BlackElo "2401"]

1.Nf3 d5 2.c4 c6 3.d4 Nf6 4.Qc2 e6 5.e3 Ne4 6.Nc3 f5 7.Ne5 Nd7 8.f4 Nxe5
9.dxe5 Bb4 10.Bd3 Qa5 11.O-O Nxc3 12.bxc3 Bxc3 13.Rb1 d4 14.e4 O-O 15.exf5 exf5
16.g4 g6 17.gxf5 gxf5 18.Rf3 Qc7 19.Rg3+ Kh8 20.Ba3 c5 21.Qg2 Rb8 22.Kf2 Bd2
23.Bc1 Bxc1 24.Rxc1 Be6 25.Qh3 b5 26.cxb5 Rbc8 27.Qh6 Qf7 28.Rcg1 Rg8 29.Rxg8+ Rxg8
30.Rxg8+ Kxg8 31.Qg5+ Kf8 32.Qd8+ Kg7 33.Qg5+ Kf8 34.Qd8+  1/2-1/2

[Event "Open"]
[Site "Bad Woerishofen GER"]
[Date "2006.03.20"]
[Round "4"]
[White "Heinig,Wo"]
[Black "De Andres,J"]
[Result "1-0"]
[WhiteElo "2338"]
[BlackElo "2036"]

1.Nf3 d5 2.c4 e6 3.g3 c5 4.d4 Nf6 5.Bg2 dxc4 6.O-O Nc6 7.Qa4 Bd7 8.Qxc4 b5
9.Qd3 Rc8 10.dxc5 Bxc5 11.Nc3 Nb4 12.Qd1 Bc6 13.Qxd8+ Rxd8 14.Bg5 h6 15.Bxf6 gxf6
16.Rfc1 Bb6 17.Ne1 Bd7 18.a3 Na6 19.Nd3 Ke7 20.Rc2 Rb8 21.Rac1 Rhc8 22.e3 Rc7
23.Nf4 Kf8 24.Bf1 Rbc8 25.Rd1 Ba5 26.Rcd2 Bxc3 27.Rxd7 Bxb2 28.Bxb5 Nc5 29.Rxc7 Rxc7
30.Rd8+ Kg7 31.a4 Ne4 32.Bd3 f5 33.g4 Be5 34.Nh5+ Kg6 35.gxf5+ exf5 36.Ng3 Nxg3
37.hxg3 Rc1+ 38.Kg2 Ra1 39.Rd5 Kf6 40.f4 Bc3 41.Rxf5+ Ke6 42.Rc5 Bd2 43.Bc4+ Kf6
44.Rc6+ Kg7 45.e4 Rxa4 46.Rc7 Kh8 47.Kf3 a5 48.Bxf7 Ra3+ 49.Kg4 Be1 50.Kh5 Rxg3
51.Kxh6 Rh3+ 52.Bh5  1-0

[Event "ch-Moscow Prelim KO"]
[Site "Moscow RUS"]
[Date "2006.03.20"]
[Round "1.1"]
[White "Sambuev,B"]
[Black "Kharitonov,Alexandr"]
[Result "1-0"]
[WhiteElo "2489"]
[BlackElo "2535"]

1.Nf3 d5 2.c4 c6 3.e3 Nf6 4.Nc3 Nbd7 5.Qc2 e6 6.b3 Bd6 7.Rg1 e5 8.cxd5 Nxd5
9.g4 Nxc3 10.dxc3 Qe7 11.Nd2 Nc5 12.b4 Ne6 13.Bb2 Bc7 14.Be2 Bd7 15.a3 a5
16.Ne4 Ng5 17.Ng3 e4 18.O-O-O O-O-O 19.bxa5 Bxa5 20.h4 Nh3 21.Rg2 h5 22.Qxe4 Qxe4
23.Nxe4 Bxg4 24.f3 Be6 25.Nd6+ Kb8 26.c4 Bb6 27.Bd4 Bxd4 28.Rxd4 c5 29.Rd2 Rhg8
30.f4 g6 31.Bf1 Kc7 32.Ne4 Rxd2 33.Kxd2 Ra8 34.Nc3 Bf5 35.a4 Kb6 36.Ke1 Re8
37.Nd5+ Ka5 38.Rg3 Nxf4 39.Nxf4 Kxa4 40.Kd2 Rd8+ 41.Kc3 Rd1 42.Bd3 Rc1+ 43.Kb2 Rh1
44.e4 Bd7 45.Nd5 Rh3 46.Bc2+ Ka5 47.Rg1 Ba4 48.Ra1  1-0

[Event "Open"]
[Site "Bad Woerishofen GER"]
[Date "2006.03.22"]
[Round "6"]
[White "Guenther,T"]
[Black "Pirrot,D"]
[Result "1/2-1/2"]
[WhiteElo "2111"]
[BlackElo "2408"]

1.Nf3 d5 2.c4 dxc4 3.Qa4+ Nc6 4.Qxc4 e5 5.a3 Be6 6.Qc2 Nf6 7.d3 Nd4 8.Nxd4 exd4
9.Bg5 Be7 10.Nd2 O-O 11.Nf3 Bd5 12.Nxd4 Ng4 13.Bxe7 Qxe7 14.Nf3 a5 15.h3 Nf6
16.Rc1 Bxf3 17.gxf3 Nd5 18.Qc5 Qe6 19.Rg1 f5 20.e3 Rf7 21.d4 Nxe3 22.Qe5 Qxe5
23.dxe5 Nxf1 24.Kxf1 Rd8 25.Kg2 f4 26.Rgd1 Rxd1 27.Rxd1 Re7 28.Re1 Kf7 29.Re4 g5
30.h4 h6 31.hxg5 hxg5 32.Rc4 Ke6 33.Kh3 Kd5 34.Rc2 b5 35.b4 axb4 36.axb4 Rxe5
37.Rxc7 Re2 38.Rc5+ Kd4 39.Rxb5 Rxf2 40.Rxg5 Ke3 41.Kg4 Rg2+ 42.Kf5 Rb2 43.Kg4 Rg2+  1/2-1/2

[Event "ch-LTU"]
[Site "Vilnius LTU"]
[Date "2006.03.22"]
[Round "6"]
[White "Piesina,G"]
[Black "Butnorius,A"]
[Result "0-1"]
[WhiteElo "2358"]
[BlackElo "2392"]

1.Nf3 d5 2.c4 e6 3.d4 Nf6 4.Nc3 Be7 5.Bg5 h6 6.Bxf6 Bxf6 7.e3 c6 8.Bd3 Nd7
9.O-O O-O 10.Qe2 dxc4 11.Bxc4 e5 12.Rad1 exd4 13.exd4 Nb6 14.Bb3 Re8 15.Ne5 Be6
16.Bxe6 Rxe6 17.f4 Nd5 18.Qh5 Re7 19.Qf3 Qa5 20.Ng4 Rae8 21.Rd3 Qb6 22.Qf2 Qa6
23.Rh3 Qb6 24.Rd1 Bxd4 25.Qxd4 Re1+ 26.Kf2 Rxd1 27.Qxb6 Rd2+  0-1

[Event "Open"]
[Site "Bad Woerishofen GER"]
[Date "2006.03.23"]
[Round "7"]
[White "Roeder,M"]
[Black "Tauber,Man"]
[Result "1/2-1/2"]
[WhiteElo "2400"]
[BlackElo "2259"]

1.Nf3 d5 2.c4 c6 3.e3 Nf6 4.Nc3 g6 5.d4 Bg7 6.Be2 O-O 7.O-O Bf5 8.cxd5 cxd5
9.Qb3 Bc8 10.Bd2 Nc6 11.Rfc1 e6 12.Be1 Ne4 13.a4 f5 14.a5 Rf7 15.a6 f4 16.exf4 Nd6
17.g3 Nf5 18.Ne5 Nfxd4 19.Nxf7 Nxb3 20.Nxd8 Nxd8 21.Bf3 Nxa1 22.Rxa1 Rb8
23.axb7 Bxb7 24.Rxa7 Nc6 25.Ra4 Nd4 26.Bd1 Bc6 27.Ra2 Nb3 28.Ra6 Nd4 29.Ra2 Nb3
30.Ra6 Nd4  1/2-1/2

[Event "66th ch-ARM"]
[Site "Yerevan ARM"]
[Date "2006.03.23"]
[Round "8"]
[White "Anastasian,A"]
[Black "Petrosian,TL"]
[Result "1/2-1/2"]
[WhiteElo "2602"]
[BlackElo "2558"]

1.Nf3 d5 2.c4 c6 3.e3 Nf6 4.Nc3 e6 5.b3 Bd6 6.Bb2 O-O 7.Qc2 Nbd7 8.Be2 Qe7
9.O-O dxc4 10.bxc4 e5 11.Ng5 Re8 12.Nge4 Bc7 13.Rad1 Nf8 14.Nxf6+ Qxf6 15.f4 Qh6
16.f5 e4 17.g3 Be5 18.Rf2 g6 19.fxg6 hxg6 20.Qxe4 Bxg3 21.hxg3 Rxe4 22.Nxe4 f5
23.Rh2 Qxh2+ 24.Kxh2 fxe4 25.Rf1 Bd7 26.Rf6 Re8 27.c5 Be6 28.a4 Rd8 29.Bd4 b6
30.g4 bxc5 31.Bc3 Rd7 32.Kg3 Rf7 33.Kf4 Bd5 34.a5 Nd7 35.Rxf7 Kxf7 36.Bf1 Ke6
37.Kg5 Kf7 38.Bg2 Nf8 39.Kf4 Ke6 40.Bg7 Nd7 41.Bf1 c4 42.Bd4 c5 43.Bc3 Nb8
44.Be2 Nc6 45.Bd1 Nb4 46.Ba4 Bc6 47.Bxc6 Nxc6 48.Kxe4 g5 49.d3 cxd3 50.Kxd3 Ne5+
51.Bxe5 Kxe5 52.a6 Kd5 53.e4+ Ke5 54.Kc4 Kxe4 55.Kxc5 Kf4 56.Kc6 Kxg4 57.Kb7 Kh3  1/2-1/2

[Event "VII Dos Hermanas Internet"]
[Site "ICC INT"]
[Date "2006.03.24"]
[Round "1.2"]
[White "Izoria,Z"]
[Black "Perez,Lu"]
[Result "1-0"]
[WhiteElo "2652"]
[BlackElo "2414"]

1.Nf3 d5 2.c4 c6 3.e3 Nf6 4.Nc3 e6 5.Qc2 Nbd7 6.b3 Bd6 7.Bb2 O-O 8.Be2 Re8
9.O-O e5 10.cxd5 cxd5 11.Nb5 Bb8 12.Rac1 d4 13.exd4 e4 14.Ne5 Nxe5 15.dxe5 Bxe5
16.Bxe5 Rxe5 17.Qc7 Qxc7 18.Rxc7 Bd7 19.Rfc1 h6 20.Rxb7 a6 21.Nd6 Rd8 22.Bc4 Be6
23.Nxf7 Bxf7 24.Rxf7 Kh7 25.Bxa6 Rxd2 26.a4 e3 27.fxe3 Rxe3 28.Bf1 Rxb3 29.Ra1 Rbb2
30.a5 Nd5 31.Rf3 g5 32.a6 g4 33.Rf5 Ne3 34.a7 Nxf1 35.a8=Q Rxg2+ 36.Qxg2 Rxg2+
37.Kxf1 Rxh2 38.Ra6 g3 39.Rf7+ Kg8 40.Rb7 Rf2+ 41.Kg1  1-0

[Event "Torre ENTEL PCS"]
[Site "Santiago CHI"]
[Date "2006.03.29"]
[Round "11"]
[White "Arancibia,E"]
[Black "Zambrana,O"]
[Result "1-0"]
[WhiteElo "2409"]
[BlackElo "2405"]

1.Nf3 d5 2.c4 c6 3.d4 Nf6 4.Qc2 e6 5.g3 Nbd7 6.Bg2 b5 7.cxd5 cxd5 8.Qc6 Rb8
9.Bf4 Rb6 10.Qc2 Bb7 11.Nbd2 Rc6 12.Qb3 Qb6 13.O-O Be7 14.a4 b4 15.a5 Qb5
16.Rfe1 O-O 17.Bf1 Ba6 18.Ne5 Nxe5 19.dxe5 Ne4 20.Nxe4 dxe4 21.Be3 Qb7 22.Bd4 Bc4
23.Qe3 Ra6 24.Rec1 Bd5 25.Bc5 Bxc5 26.Rxc5 Rc8 27.Rac1 Rac6 28.Rxc6 Rxc6
29.Rxc6 Bxc6 30.Qc5 g6 31.e3 Bd5 32.Qd6 b3 33.Ba6 Qa8 34.Qc7 Kg7 35.Qc8 Qxc8
36.Bxc8 Bc4 37.Bb7 Bd3 38.f3 exf3 39.Bxf3 f6 40.Kf2 fxe5 41.Ke1 Bc2 42.Kd2 Kf6
43.Kc3 Ke7 44.Be2 Kd6 45.Bc4 Kc5 46.Bxe6 Kb5 47.Bxb3 Bxb3 48.Kxb3 Kxa5 49.Kc4 Ka4
50.e4 a5 51.h3 h6 52.g4 g5 53.b3+ Ka3 54.Kc3 Ka2 55.b4  1-0

[Event "VIII Rector Cup"]
[Site "Kharkiv UKR"]
[Date "2006.03.31"]
[Round "5"]
[White "Lushenkov,M"]
[Black "Arzumanian,G"]
[Result "1/2-1/2"]
[WhiteElo "2410"]
[BlackElo "2465"]

1.Nf3 d5 2.c4 e6 3.e3 c6 4.b3 Nf6 5.Bb2 Nbd7 6.Nc3 Bd6 7.Qc2 Qe7 8.Be2 dxc4
9.bxc4 e5 10.d4 O-O 11.O-O Re8 12.Rfe1 e4 13.Nd2 Nf8 14.f3 exf3 15.Bxf3 Ng4
16.Nf1 Ng6 17.c5  1/2-1/2

[Event "VIII Rector Cup"]
[Site "Kharkiv UKR"]
[Date "2006.04.04"]
[Round "10"]
[White "Lushenkov,M"]
[Black "Zubarev,Al1"]
[Result "0-1"]
[WhiteElo "2410"]
[BlackElo "2508"]

1.Nf3 d5 2.c4 d4 3.g3 g6 4.d3 Bg7 5.Bg2 Nf6 6.O-O O-O 7.e3 dxe3 8.fxe3 c5
9.Nc3 Nc6 10.d4 Bf5 11.d5 Na5 12.Qe2 Ne4 13.Nxe4 Bxe4 14.Nd2 Bxg2 15.Kxg2 b5
16.e4 bxc4 17.Nb1 e6 18.dxe6 Qd3 19.exf7+ Rxf7 20.Qxd3 cxd3 21.Rxf7 Kxf7
22.Na3 Rb8 23.Rb1 c4 24.Kf3 Ke6 25.Bd2 Bxb2 26.Kg2 Rb6 27.Bxa5 Bxa3 28.Bxb6 axb6
29.Rxb6+ Ke5 30.Kf3 c3 31.Rc6 Kd4 32.Ra6 c2 33.Ra4+ Ke5 34.Ra5+ Ke6 35.Ra6+ Bd6  0-1

[Event "32nd ch-IND w"]
[Site "Visakhapatnam IND"]
[Date "2006.04.04"]
[Round "2"]
[White "Gomes,M"]
[Black "Supriya,M"]
[Result "1-0"]
[WhiteElo "2231"]
[BlackElo "2085"]

1.Nf3 d5 2.c4 e6 3.g3 Nf6 4.Bg2 c6 5.b3 Be7 6.Bb2 O-O 7.O-O Nbd7 8.d4 Ne4
9.Nc3 f5 10.Nd2 Ndf6 11.f3 Ng5 12.e3 Rb8 13.a4 Nf7 14.Kh1 Nh8 15.Qe2 Qe8
16.e4 Bb4 17.cxd5 cxd5 18.e5 Nd7 19.f4 a6 20.Rae1 Ng6 21.Na2 Be7 22.h4 Bd8
23.Nf3 b5 24.Ba3 bxa4 25.bxa4 Be7 26.Bxe7 Nxe7 27.Rb1 Nc6 28.Rxb8 Ndxb8 29.Rb1 Bd7
30.Nc3 Na5 31.Nd2 Qc8 32.Qd3 Qc6 33.Nb3 Nc4 34.Nc5 Rc8 35.Kh2 Kh8 36.Qxc4 dxc4
37.Bxc6 Nxc6 38.Nxd7 Nxd4 39.Rb8 Rxb8 40.Nxb8 Kg8 41.Nxa6  1-0

[Event "7th ch-Euro"]
[Site "Kusadasi TUR"]
[Date "2006.04.06"]
[Round "3"]
[White "Stefansson,H"]
[Black "Atakisi,U"]
[Result "1-0"]
[WhiteElo "2585"]
[BlackElo "2441"]

1.Nf3 d5 2.c4 c6 3.e3 Nf6 4.Nc3 g6 5.d4 Bg7 6.Bd3 O-O 7.O-O c5 8.dxc5 dxc4
9.Bxc4 Qa5 10.Nb5 Nfd7 11.Rb1 Qb4 12.b3 a6 13.Nc7 Ra7 14.Nd5 Qxc5 15.e4 Nc6
16.Be3 Qd6 17.Bxa7 Nxa7 18.Re1 Nc6 19.Ne3 Qa3 20.Bd5 Nde5 21.Nxe5 Nxe5 22.b4 Qc3
23.Re2 e6 24.Rc2 Qa3 25.Bb3 b5 26.f4 Bh6 27.Re2 Qxb4 28.fxe5 Qxe4 29.Nd5  1-0

[Event "32nd ch-IND w"]
[Site "Visakhapatnam IND"]
[Date "2006.04.06"]
[Round "4"]
[White "Gomes,M"]
[Black "Vijayalakshmi,S"]
[Result "1/2-1/2"]
[WhiteElo "2231"]
[BlackElo "2479"]

1.Nf3 d5 2.c4 dxc4 3.Na3 c5 4.Nxc4 Nc6 5.g3 f6 6.Bg2 e5 7.d3 Nge7 8.O-O Nd5
9.Bd2 Be7 10.a3 O-O 11.Qc2 Be6 12.Rfc1 Qd7 13.Qd1 Rac8 14.Rab1 Kh8 15.Qe1 Rfd8
16.Ne3 Nc7 17.b4 cxb4 18.axb4 Nb5 19.Ra1 Rc7 20.Nc4 e4 21.dxe4 Ncd4 22.Nxd4 Nxd4
23.Ne3 Nb3 24.Rxc7 Qxc7 25.Rd1 Rxd2 26.Rxd2 Bxb4 27.Rc2 Qxc2 28.Qxb4 Qc1+
29.Nf1 Qc8 30.e5 fxe5 31.Bxb7 Qb8 32.Qe7 Nd4 33.Ba6 h6 34.Nd2 Bg4 35.Kf1 Bh3+
36.Kg1 Bg4 37.Kf1 Bf5 38.e3 Bh3+ 39.Ke1 Nf3+ 40.Nxf3 Qb1+ 41.Kd2 Qa2+ 42.Kc3 Qa1+
43.Kb4 Qxa6 44.Nxe5 Kh7 45.g4 Qb6+ 46.Ka4 a5 47.Qf8 Bxg4 48.Nxg4 Qc6+ 49.Kxa5 Qd5+
50.Kb4 Qe4+ 51.Kc3 Qxg4 52.Kd2 Qd7+ 53.Ke1 Qd3 54.Qf4 Kh8 55.e4 Kg8 56.e5 g5
57.Qf6 Qe4+ 58.Kd2 Qd4+ 59.Ke2 Qe4+ 60.Kd2 Qd4+  1/2-1/2

[Event "32nd ch-IND w"]
[Site "Visakhapatnam IND"]
[Date "2006.04.07"]
[Round "6"]
[White "Karavade,E"]
[Black "Meenakshi,S1"]
[Result "1/2-1/2"]
[WhiteElo "2332"]
[BlackElo "2289"]

1.Nf3 d5 2.c4 c6 3.e3 Nf6 4.d4 g6 5.Nc3 Bg7 6.Be2 O-O 7.O-O Be6 8.cxd5 cxd5
9.Qb3 Qb6 10.Bd2 Nc6 11.Rfc1 Rfc8 12.Na4 Qxb3 13.axb3 Ne4 14.Be1 Bd7 15.b4 e6
16.b5 Nd8 17.Ne5 Be8 18.Rxc8 Rxc8 19.Nc3 Nxc3 20.bxc3 f6 21.Nf3 Ra8 22.c4 dxc4
23.Bxc4 Bd7 24.Nd2 f5 25.Nb3 b6 26.Be2 Bc8 27.Rc1 Bb7 28.Rc7 Rc8 29.Rd7 Bd5
30.Nd2 Nf7 31.Rxa7 Rc1 32.Kf1 Bf8 33.Ra4 Nd6 34.f3 Bh6 35.Ra3 Bf8 36.Ra4 Bh6
37.Ra3 Bf8 38.Ra4  1/2-1/2

[Event "TCh-HUN 2005-6"]
[Site "Hungary HUN"]
[Date "2006.04.09"]
[Round "10"]
[White "Rachela,M"]
[Black "Racz,Z"]
[Result "1-0"]
[WhiteElo "2352"]
[BlackElo "2329"]

1.Nf3 d5 2.c4 c6 3.b3 Nf6 4.Bb2 Bf5 5.g3 e6 6.Bg2 Nbd7 7.O-O Be7 8.d3 O-O
9.Nbd2 a5 10.a3 Bg6 11.Rc1 Bd6 12.Rc2 e5 13.cxd5 cxd5 14.Nh4 Qe7 15.Qa1 b5
16.Rfc1 e4 17.dxe4 dxe4 18.e3 Nc5 19.Bxf6 gxf6 20.Nxg6 fxg6 21.Qd4 Nd3 22.Nxe4 Nxc1
23.Nxd6 Rad8 24.Bd5+ Kh8 25.Nxb5 Nxb3 26.Qc4 a4 27.e4 Rb8 28.Qxa4 Nc5 29.Qb4 Rfc8
30.a4 Qf8 31.Qa3 Kg7 32.Ra2 Na6 33.Qxf8+ Kxf8 34.Ra1 Ke7 35.Na7 Nb4 36.Nxc8+ Rxc8
37.a5 Nxd5 38.exd5 Kd6 39.a6 Kxd5 40.Kg2 Ra8 41.a7 Kc6 42.Kf3 Kb7 43.h4 Kb6
44.Ra3 Kb7 45.Ra2 Kb6 46.Ke4 Kb7 47.Kd5 Rd8+ 48.Ke6 Ka8 49.Kxf6 Rd6+ 50.Kg7 Rd7+
51.Kh6 Rf7 52.g4 Rf4 53.f3 Rf7 54.Ra3 Re7 55.h5 gxh5 56.Kxh5 Re6 57.g5 Re1
58.Kh6 Re7 59.f4 Rf7 60.Ra5  1-0

[Event "XXXVII Open"]
[Site "Mar del Plata ARG"]
[Date "2006.04.11"]
[Round "5"]
[White "Goldwaser,C"]
[Black "Corsi Ferrari,N"]
[Result "1/2-1/2"]
[WhiteElo "2308"]
[BlackElo "2269"]

1.Nf3 d5 2.c4 c6 3.d4 Nf6 4.e3 a6 5.Qc2 e6 6.Nc3 b5 7.cxb5 cxb5 8.Bd2 Bb7
9.Rc1 Bd6 10.Bd3 Nbd7 11.O-O Rc8 12.Qb3 O-O 13.Ne2 Qe7 14.a3 Rxc1  1/2-1/2

[Event "7th ch-Euro w"]
[Site "Kusadasi TUR"]
[Date "2006.04.12"]
[Round "8"]
[White "Khotenashvili,B"]
[Black "Khurtsidze,N"]
[Result "0-1"]
[WhiteElo "2316"]
[BlackElo "2430"]

1.Nf3 d5 2.c4 d4 3.d3 c5 4.b4 cxb4 5.a3 b3 6.Qxb3 Nc6 7.g3 e5 8.Bg2 Nf6 9.Nbd2 Be7
10.O-O O-O 11.a4 a5 12.Ba3 Rb8 13.Qb5 Bxa3 14.Rxa3 Qe7 15.c5 Nd5 16.Ne4 Bd7
17.Raa1 Ncb4 18.Qc4 b6 19.cxb6 Rfc8 20.Qb3 Nxb6 21.Rfc1 Be6 22.Qa3 f6 23.h4 Kf8
24.Nfd2 h6 25.Nf3 Nc2 26.Qxe7+ Kxe7 27.Rab1 Nb4 28.Rc5 f5 29.Rxe5 Nc6 30.Rxe6+ Kxe6
31.Nc5+ Kd6 32.Na6 Rb7 33.Nxd4 Nxd4 34.Bxb7 Rc1+ 35.Rxc1 Nxe2+ 36.Kg2 Nxc1
37.d4 Nb3 38.d5 Nxa4 39.Bc8 Nd4 40.g4 f4 41.g5 h5 42.Be6 Nb6 43.Bf7 Nxd5
44.Bg6 a4 45.Bb1 a3 46.Ba2 Nc3 47.Bc4 a2 48.Bxa2 Nxa2 49.Kh3 Nc6 50.Kg2 Nab4  0-1

[Event "7th ch-Euro"]
[Site "Kusadasi TUR"]
[Date "2006.04.12"]
[Round "8"]
[White "Yagiz,Y"]
[Black "Lanzani,M"]
[Result "1/2-1/2"]
[WhiteElo "2209"]
[BlackElo "2356"]

1.Nf3 d5 2.c4 e6 3.g3 Nf6 4.Bg2 Be7 5.O-O O-O 6.d4 c6 7.b3 Nbd7 8.Bb2 b6
9.Nbd2 Ba6 10.Qc2 c5 11.Ne5 Rc8 12.Rad1 cxd4 13.Bxd4 Nxe5 14.Bxe5 b5 15.Qb2 bxc4
16.bxc4 Bxc4 17.Nxc4 Rxc4 18.e4 Nxe4 19.Bxe4 Rxe4 20.Bxg7 Rb4 21.Qc3 Rc4
22.Qb2 Re8 23.Rfe1 Rg4 24.Bd4 a5 25.f4 Bd6 26.Bf6 Qa8 27.Qe2 Rg6 28.Be5 Bc5+
29.Kg2 f6 30.Bd4 Bxd4 31.Rxd4 Rg7 32.Qf3 Rge7 33.Qg4+ Rg7 34.Qh5 Qd8 35.Rxd5 Qxd5+
36.Qxd5 exd5 37.Rxe8+ Kf7 38.Ra8 Ke6 39.Ra6+ Kf5 40.Kf3 Rc7 41.g4+ Kg6 42.g5 Kh5
43.Rxa5 Rc3+ 44.Ke2 fxg5 45.Rxd5 Ra3 46.Rxg5+ Kh6 47.Kf2 Rxa2+ 48.Kg3 Rg2+
49.Kxg2  1/2-1/2

[Event "XXIX Open"]
[Site "Donostia San Sebastian ESP"]
[Date "2006.04.13"]
[Round "7"]
[White "Andres Gonzalez,A"]
[Black "Bergez,L"]
[Result "1/2-1/2"]
[WhiteElo "2410"]
[BlackElo "2340"]

1.Nf3 d5 2.c4 c6 3.d4 Nf6 4.e3 Bg4 5.Nc3 e6 6.h3 Bh5 7.g4 Bg6 8.Ne5 Nbd7
9.Nxg6 hxg6 10.Bd2 g5 11.cxd5 Nxd5 12.a3 Be7 13.Bd3 e5 14.Nxd5  1/2-1/2

[Event "32nd ch-IND w"]
[Site "Visakhapatnam IND"]
[Date "2006.04.13"]
[Round "13"]
[White "Gomes,M"]
[Black "Nimmy,A"]
[Result "1-0"]
[WhiteElo "2231"]
[BlackElo "2123"]

1.Nf3 d5 2.c4 c6 3.g3 Nf6 4.Bg2 Bg4 5.Ne5 Bh5 6.cxd5 Nxd5 7.Nc3 e6 8.d4 Bb4
9.Bd2 Qb6 10.Nxd5 exd5 11.Bxb4 Qxb4+ 12.Qd2 Na6 13.a3 Qxd2+ 14.Kxd2 Bg6 15.Rhc1 Nc7
16.h4 Nb5 17.e3 Nd6 18.b3 f6 19.Nd3 Bxd3 20.Kxd3 Ke7 21.Rc5 Rhd8 22.Rac1 Rac8
23.R5c2 Kf7 24.a4 a5 25.Rc5 Ra8 26.g4 Ne8 27.e4 dxe4+ 28.Bxe4 Nc7 29.Ke3 Ne6
30.R5c4 g6 31.f4 Ng7 32.f5 gxf5 33.gxf5 Ne8 34.Rc5 Nd6 35.Bf3 Ra6 36.Kf2 Rb6
37.R1c3 Rb4 38.d5 b6 39.Rxc6 Nxf5 40.h5 Rd7 41.R6c4 Nd4 42.Rxb4 axb4 43.Rd3 Nxf3
44.Kxf3 Rc7 45.Ke4 Rc1 46.Kd4 Ke7 47.Re3+ Kd7 48.Re6 Rh1 49.Rxf6 Rxh5 50.Rxb6 Rh4+
51.Kc5 h5 52.a5 Rh1 53.Rh6 h4 54.a6 Kc7 55.Rh7+ Kc8 56.a7 Ra1 57.Kb6  1-0

[Event "1st IM"]
[Site "Edmonton CAN"]
[Date "2006.04.14"]
[Round "3"]
[White "Kraai,J"]
[Black "Nekrasov,M"]
[Result "1/2-1/2"]
[WhiteElo "2466"]
[BlackElo "2406"]

1.Nf3 d5 2.c4 e6 3.d4 Nf6 4.Nc3 c6 5.Bg5 dxc4 6.e4 b5 7.e5 h6 8.Bh4 g5 9.exf6 gxh4
10.Ne5 Qxf6 11.a4 Bb7 12.axb5 c5 13.b6 cxd4 14.Qa4+ Kd8 15.Qb5 a6 16.Qa5 Bb4
17.Nxf7+ Qxf7 18.Qxb4 dxc3 19.Qxc4 cxb2 20.Qxh4+ Ke8 21.Rd1 Nd7 22.Be2 Nf6
23.O-O Qg7 24.g3 Nd5 25.Bf3 Kf8 26.Rfe1 Re8 27.Rd3 Re7 28.Rb3 Qf6 29.Qxf6+ Nxf6
30.Bxb7 Rxb7 31.Rxe6 Kf7 32.Rd6 Ke7 33.Rc6 Rf8 34.Rxb2 Rfb8 35.Ra2 Rxb6 36.Rxa6 Rxc6
37.Rxc6 Kf7 38.Kg2 Rb2 39.Rc4 Nd5 40.Rd4 Rb5 41.g4 Kf6 42.Kg3 Ke5 43.Rc4  1/2-1/2

[Event "7th ch-Euro w"]
[Site "Kusadasi TUR"]
[Date "2006.04.14"]
[Round "10"]
[White "Khotenashvili,B"]
[Black "Zhukova,N"]
[Result "0-1"]
[WhiteElo "2316"]
[BlackElo "2432"]

1.Nf3 d5 2.c4 d4 3.e3 Nc6 4.b4 dxe3 5.fxe3 Nxb4 6.d4 c5 7.a3 Na6 8.d5 Nf6
9.Nc3 g6 10.Qa4+ Nd7 11.Bb2 Bg7 12.Nd1 Bxb2 13.Nxb2 O-O 14.Be2 Nc7 15.e4 e5
16.Nd3 Qe7 17.Qc2 Ne8 18.Qb2 f6 19.Nf2 Nd6 20.g4 b5 21.cxb5 a6 22.a4 c4 23.O-O Rb8
24.Qa2 Nc5 25.Bxc4 Qa7 26.Kh1 Ncxe4 27.Nxe4 Nxe4 28.Nxe5 Qc5 29.Nc6 Ra8 30.Qc2 axb5
31.Qxe4 bxc4 32.a5 Kg7 33.g5 fxg5 34.Qe5+ Kh6 35.Rxf8 Qxf8 36.Qe4 Bh3 37.Qe3 Qf5
38.Ne7 Qd3 39.Qxd3 cxd3 40.Nc6 d2 41.Kg1 Bg4 42.d6 Rc8 43.d7 Bxd7 44.Rd1 Rxc6
45.Rxd2 Bf5  0-1

[Event "17th Pobeskydi Radegast Cup"]
[Site "Frydek Mistek CZE"]
[Date "2006.04.15"]
[Round "5"]
[White "Krejci,Jan2"]
[Black "Straka,Jo"]
[Result "1-0"]
[WhiteElo "2131"]
[BlackElo "1909"]

1.Nf3 d5 2.c4 e6 3.g3 Nf6 4.Bg2 Be7 5.O-O O-O 6.b3 c6 7.Bb2 Nbd7 8.d3 b5
9.Nbd2 bxc4 10.dxc4 Ba6 11.Rc1 Rb8 12.Nd4 Bb7 13.cxd5 cxd5 14.Nc6 Bxc6 15.Rxc6 Rc8
16.Qc2 Rxc6 17.Qxc6 Qc8 18.Rc1 Qb8 19.e4 Nb6 20.Qc7 Bd6 21.Qxb8 Bxb8 22.Bxf6 gxf6
23.exd5 Nxd5 24.Bxd5 exd5 25.Nf3 Rd8 26.Kf1 Kf8 27.Ke2 Ke7 28.Kd3 Be5 29.Nd4 Re8
30.Nf5+ Kd7 31.f4 Bd6 32.Ne3 Ba3 33.Rc2 Kd6 34.Nf5+ Kd7 35.Kd4 Re1 36.Kxd5 Rd1+
37.Kc4 h5 38.Kc3 Rd5 39.Ne3 Rc5+ 40.Kd3 Rxc2 41.Nxc2 Bc5 42.Nd4 Kd6 43.Ke4 Bb6
44.Nf5+ Kc5 45.a3 Kb5 46.Nd6+ Ka5 47.Nc4+  1-0

[Event "17th Pobeskydi Radegast Cup"]
[Site "Frydek Mistek CZE"]
[Date "2006.04.15"]
[Round "5"]
[White "Krejci,Jan1"]
[Black "Pavlicek,M"]
[Result "0-1"]
[WhiteElo "2180"]
[BlackElo "2044"]

1.Nf3 d5 2.c4 Nf6 3.g3 g6 4.Bg2 Bg7 5.O-O O-O 6.d4 c6 7.Nc3 Ne4 8.cxd5 Nxc3
9.bxc3 cxd5 10.Bf4 Nc6 11.Qd2 Re8 12.Bh6 Bh8 13.Rab1 b6 14.Rfc1 Ba6 15.e4 dxe4
16.Ng5 Bd3 17.Rb2 Qd5 18.f3 Nxd4 19.fxe4 Qc5 20.Qf2 Ne2+ 21.Rxe2 Bxe2 22.e5 Rac8
23.e6 fxe6 24.Bh3 Qxf2+ 25.Kxf2 Bc4 26.Nxe6 Rc6 27.Re1 Bxc3 28.Rc1 Bxa2 29.Bg2 Rxe6
30.Rxc3 Rf6+ 31.Ke3 e6 32.Bh3 Bd5 33.Rc2 b5 34.Kd4 b4 35.Ke5 Rf7 36.Bc1 a5  0-1

[Event "17th Pobeskydi Radegast Cup"]
[Site "Frydek Mistek CZE"]
[Date "2006.04.15"]
[Round "6"]
[White "Zabystrzan,P"]
[Black "Zilka,S"]
[Result "1/2-1/2"]
[WhiteElo "2259"]
[BlackElo "2345"]

1.Nf3 d5 2.c4 d4 3.g3 c5 4.b4 cxb4 5.a3 b3 6.d3 e5 7.Bg2 Bd6 8.O-O Ne7 9.Qxb3 O-O
10.a4 Nbc6 11.Ba3 Kh8 12.Nbd2 Rb8 13.Bxd6 Qxd6 14.a5 a6 15.Qa3 Qxa3 16.Rxa3 Bf5
17.Rb1 f6 18.Ne1 Kg8 19.Nc2 Kf7 20.Nb4 Bd7 21.Nd5 Nxd5 22.Bxd5+ Ke7 23.Ne4 Kd8
24.Nc5 Kc7 25.Rb6 Rfe8 26.Nxd7 Kxd7 27.Bxc6+ bxc6 28.Rab3 Kc7 29.Kg2 Rxb6
30.Rxb6 Kd6 31.Rxa6 Re7 32.Ra8 Kc5 33.f3 f5 34.a6 e4 35.fxe4 fxe4 36.a7 e3
37.Kf3 g6 38.h4 Rd7 39.Ke4 Re7+ 40.Kf4 Rd7 41.Ke5 Re7+ 42.Kf6 Rd7 43.g4 Rc7
44.Kg5 Rd7 45.Kh6 Re7 46.Kg5 Rf7 47.h5 gxh5 48.gxh5 Re7 49.Kf6 Rc7 50.h6 Rb7
51.Ke6 Rc7  1/2-1/2

[Event "10th Neckar Open A"]
[Site "Deizisau GER"]
[Date "2006.04.16"]
[Round "6"]
[White "Siebrecht,S"]
[Black "Meinhardt,Ma"]
[Result "0-1"]
[WhiteElo "2394"]
[BlackElo "2378"]

1.Nf3 d5 2.c4 e6 3.g3 c5 4.Bg2 Nc6 5.O-O Nf6 6.b3 Be7 7.Bb2 O-O 8.d3 d4 9.Na3 e5
10.Nc2 Bf5 11.Re1 Qd7 12.e3 Bd6 13.exd4 cxd4 14.b4 Rae8 15.Qd2 b6 16.Nh4 Bh3
17.Bh1 h6 18.b5 Na5 19.Rac1 Qc8 20.Nb4 Bxb4 21.Qxb4 Nb7 22.Qd2 Nc5 23.Ba3 g5
24.Nf3 Qf5 25.Bxc5 bxc5 26.Qc2 Ng4 27.Re2 Qg6 28.Rce1 Qd6 29.Nd2 f5 30.Bd5+ Kg7
31.Qa4 Re7 32.Qa6 Qxa6 33.bxa6 e4 34.f3 Ne3 35.fxe4 f4 36.gxf4 Rxf4 37.Rxe3 dxe3
38.Rxe3 g4 39.e5 Re8 40.e6 Kf6 41.Ne4+ Ke7 42.Nf2 Ref8 43.Re2 Rb8 44.Bb7 Rf6
45.Re3 Rbf8 46.Nxh3 gxh3 47.Rxh3 Rg8+ 48.Rg3 Rxg3+ 49.hxg3 Kxe6 50.Bc6 Ke5
51.Bb5 Kd4 52.Kg2 Kxd3 53.Kh3 Ke3 54.Kg4 Rg6+ 55.Kh5 Rxg3 56.Kxh6 Kd4 57.a4 Rc3
58.Kg5 Rxc4  0-1

[Event "KB Bank"]
[Site "Reykjavik ISL"]
[Date "2006.04.16"]
[Round "8"]
[White "Gretarsson,Hj"]
[Black "Sigfusson,S"]
[Result "1/2-1/2"]
[WhiteElo "2087"]
[BlackElo "2309"]

1.Nf3 d5 2.c4 c6 3.e3 Nf6 4.Be2 e6 5.b3 Nbd7 6.Bb2 Bd6 7.O-O O-O 8.d3 Qe7
9.Nbd2 e5 10.Qc2 Re8 11.e4 d4 12.Nh4 Nf8 13.g3 Bh3 14.Ng2 Ne6 15.Rae1 g6
16.Bc1 Rad8 17.Nf3 Nh5 18.Kh1 Nhg7 19.Ng1 Bxg2+ 20.Kxg2 f5 21.f3 f4 22.Nh3 Nh5
23.Rg1 Qd7 24.Ref1 Rf8 25.Nf2 Qe7 26.Bd2 Rf7 27.Rh1 Rdf8 28.Ng4 Kg7 29.Qc1 g5
30.Nf2 Nf6 31.Rfg1 Rg8 32.Kf1 Kf8 33.g4 h5 34.gxh5 Rh7 35.Ng4 Rxh5 36.Nf2 Rh7
37.Be1 Rgh8 38.Kg2 g4 39.fxg4 f3+ 40.Bxf3 Nf4+ 41.Kf1 Rxh2 42.Rxh2 Rxh2 43.Qd1 Bb4
44.g5 Nd7 45.Bxb4 Qxb4 46.Bg4 Nc5 47.Rg3 Qc3 48.Kg1 Qb2 49.Qf1 Rh7 50.Nh3 Kg7
51.g6 Rh4 52.Bf5 Ne2+ 53.Kh2 Nxg3+ 54.Kxg3 Rh6 55.Bg4 Rxg6 56.Qf5 Nxd3 57.Qd7+ Kh6
58.Qf5 Kg7 59.Qd7+ Kh6 60.Qf5 Kg7  1/2-1/2